[Event "VIE-ch U09"]
[Site "Ho Chi Minh City"]
[Date "2014.07.16"]
[Round "6"]
[White "Pham, Nguyen Phu Vinh"]
[Black "Dinh, Nhat Minh"]
[Result "1-0"]
[WhiteElo "1446"]
[BlackElo "1489"]
[PlyCount "115"]
[EventDate "2014.07.13"]
[EventType "swiss"]
[EventRounds "9"]
[EventCountry "VIE"]
[SourceTitle "EXT 2016"]
[Source "ChessBase"]
[SourceDate "2015.10.08"]
[SourceVersion "1"]
[SourceVersionDate "2015.10.08"]
[SourceQuality "1"]

1. e4 e5 2. Nf3 Nc6 3. Bb5 a6 4. Ba4 Nf6 5. 0-0 Be7 6. Re1 b5 7. Bb3 d6 8. c3 0-0 9. h3 h6 10. d4 Bb7 11. Nbd2 Re8 12. Nf1 Bf8 13. Ng3 Qd7 14. Bc2 Rad8 15. b3 Qc8 16. Bb2 Qd7 17. Qd2 Qc8 18. d5 Ne7 19. Qe3 Ng6 20. Nf5 Ne7 21. Nxe7+ Rxe7 22. Nh4 c6 23. Nf5 Ree8 24. dxc6 Qxc6 25. Qg3 Kh8 26. Qf3 d5 27. exd5 Qxd5 28. Qxd5 Rxd5 29. Rad1 Red8 30. Rxd5 Rxd5 31. Rd1 Rxd1+ 32. Bxd1 Nd7 33. Be2 f6 34. c4 bxc4 35. Bxc4 Nb6 36. Be6 Bd5 37. Bxd5 Nxd5 38. Kf1 Nb4 39. Ba3 Kg8 40. Bxb4 Bxb4 41. Ke2 Kf8 42. Kd3 g6 43. Ne3 Bc5 44. Kc4 Bxe3 45. fxe3 f5 46. Kd5 e4 47. Ke5 Ke7 48. g3 h5 49. h4 Kf7 50. b4 Ke7 51. a4 Kd7 52. b5 axb5 53. axb5 Kc7 54. Kf6 g5 55. Kxg5 Kb6 56. Kxf5 Kxb5 57. Kxe4 Kc6 58. Kf5 1-0

[Event "VIE-ch U09"]
[Site "Ho Chi Minh City"]
[Date "2014.07.15"]
[Round "5"]
[White "Dinh, Nhat Minh"]
[Black "Nguyen, Hanh Hoang Duc"]
[Result "1/2-1/2"]
[WhiteElo "1489"]
[BlackElo "1526"]
[PlyCount "92"]
[EventDate "2014.07.13"]
[EventType "swiss"]
[EventRounds "9"]
[EventCountry "VIE"]
[SourceTitle "EXT 2016"]
[Source "ChessBase"]
[SourceDate "2015.10.08"]
[SourceVersion "1"]
[SourceVersionDate "2015.10.08"]
[SourceQuality "1"]

1. e4 c5 2. Nf3 d6 3. d4 cxd4 4. Nxd4 e6 5. Nc3 Nf6 6. f4 a6 7. Be2 Qc7 8. 0-0 g6 9. Be3 Bg7 10. Qd2 b5 11. a3 Nbd7 12. Nb3 Bb7 13. Bf3 0-0 14. Rad1 Ne8 15. Bd4 e5 16. fxe5 dxe5 17. Be3 Nef6 18. Qd6 Qxd6 19. Rxd6 Rfd8 20. Rfd1 Bf8 21. R6d2 Be7 22. Na5 Bc8 23. Nc6 Re8 24. Nxe7+ Rxe7 25. Nd5 Nxd5 26. exd5 e4 27. Be2 Bb7 28. g3 Rd8 29. Kg2 Kg7 30. Bd4+ f6 31. Be3 Ne5 32. Rd4 g5 33. Kg1 Nf3+ 34. Bxf3 exf3 35. Kf2 Red7 36. Kxf3 Rxd5 37. Rxd5 Rxd5 38. Rxd5 Bxd5+ 39. Ke2 Kg6 40. Kd3 Kf5 41. Bd4 Ke6 42. c3 f5 43. Ke3 h5 44. Kf2 f4 45. gxf4 gxf4 46. b4 Kf5 1/2-1/2

[Event "VIE-ch U09"]
[Site "Ho Chi Minh City"]
[Date "2014.07.15"]
[Round "4"]
[White "La, Hoang Bach"]
[Black "Dinh, Nhat Minh"]
[Result "1-0"]
[WhiteElo "1536"]
[BlackElo "1489"]
[PlyCount "65"]
[EventDate "2014.07.13"]
[EventType "swiss"]
[EventRounds "9"]
[EventCountry "VIE"]
[SourceTitle "EXT 2016"]
[Source "ChessBase"]
[SourceDate "2015.10.08"]
[SourceVersion "1"]
[SourceVersionDate "2015.10.08"]
[SourceQuality "1"]

1. e4 e5 2. Nf3 Nc6 3. Bc4 Bc5 4. c3 Nf6 5. d4 exd4 6. cxd4 Bb4+ 7. Bd2 Nxe4 8. Bxb4 Nxb4 9. Bxf7+ Kxf7 10. Qb3+ d5 11. Qxb4 Re8 12. 0-0 Qd6 13. Qb3 Kg8 14. Re1 Nf6 15. Rxe8+ Nxe8 16. Nc3 c6 17. Re1 Nf6 18. h3 b6 19. Ne4 Nxe4 20. Rxe4 Be6 21. Re5 Re8 22. Qe3 h6 23. Nh4 Qd7 24. b4 Bf7 25. Rxe8+ Qxe8 26. Qxe8+ Bxe8 27. Nf5 Bd7 28. Ne3 Kf7 29. Kf1 Ke7 30. Ke2 Kd6 31. Kd3 c5 32. a3 c4+ 33. Kc3 1-0

[Event "VIE-ch U09"]
[Site "Ho Chi Minh City"]
[Date "2014.07.14"]
[Round "3"]
[White "Dinh, Nhat Minh"]
[Black "Nguyen, Tran Gia Bao"]
[Result "1-0"]
[WhiteElo "1489"]
[BlackElo "1534"]
[PlyCount "69"]
[EventDate "2014.07.13"]
[EventType "swiss"]
[EventRounds "9"]
[EventCountry "VIE"]
[SourceTitle "EXT 2016"]
[Source "ChessBase"]
[SourceDate "2015.10.08"]
[SourceVersion "1"]
[SourceVersionDate "2015.10.08"]
[SourceQuality "1"]

1. e4 e6 2. d4 g6 3. e5 b6 4. Be2 a5 5. c3 d5 6. Be3 Ba6 7. Nd2 Bxe2 8. Qxe2 Bg7 9. Ngf3 Nc6 10. 0-0 f6 11. exf6 Nxf6 12. Bf4 Qd7 13. Rfe1 Nd8 14. Ng5 0-0 15. Qd3 c5 16. dxc5 bxc5 17. Be3 c4 18. Qc2 Ng4 19. Rad1 Nxe3 20. fxe3 Qa7 21. Ngf3 Nc6 22. Kh1 Ne7 23. e4 Rf7 24. exd5 exd5 25. Rf1 Raf8 26. Ng1 Rxf1 27. Rxf1 Rxf1 28. Nxf1 d4 29. cxd4 Bxd4 30. Qxc4+ Kg7 31. Nf3 Nf5 32. Nxd4 Nxd4 33. Qc3 Kg8 34. h3 Ne2 35. Qc4+ 1-0